00425nam a2200169Ia 4500001000900000003000500009005001700014008004100031010001100072040000900083082001500092100001400107245007300121260002800194300001100222650002200233dia_2278CHAP20221010120402.0220117sS.A. xx 000 0 und d a172798 cCHAP a641.452 V8 aVeith, H. aLes Pompes A´ chalevr /c por H. Veith, G.Wisniewsky, and G.H. Burk aParís :b S.N.,cS.A. a141 p. a1.Frigoríficos.